BIBLIOTHÈQUE DE LA MAISON DU MEXIQUE

Logo 1 Logo 2

Valdelomar o La belle époque (notice nᵒ 6634)

détails MARC
000 -Sello discográfico
campo de control de longitud fija 00806nam a2200265 4500
005 - Identificación de versión
campo de control 20251016084711.0
099 ## - fechas locales
Tipo de ítem Koha LIBRO
100 ## - Datos de procesamiento general
Datos de procesamiento general 20230717d1969 m y1spay5003 ba
105 ## - Campo de datos codificados: Material textual, monográfico
Datos codificados de monografía a 001zy
200 1# - Título y mención de responsabilidad
Título propio Valdelomar o La belle époque
Designación general del material texto impreso
Primer mención de responsabilidad Luis Alberto Sánchez
205 ## - Declaración de edición
Declaración de edición 1a ed
210 ## - Publicación, distribución, etc.
Lugar de publicación, distribución, etc. México
Nombre del editor, distribuidor, etc. Fondo de Cultura Económica
Fecha de publicación, distribución, etc. 1969
215 ## - Descripción física
Designación de material específico y extensión del ítem 459 p
Otras características físicas il.
Dimensiones 17 cm
345 ## - Nota de información de adquisición
Fuente de adquisición/dirección de la suscripción [OBSOLETO] Donación
410 #1 - Series
Título Colección Popular
Número de volumen 94
600 ## - Nombre personal usado como materia
Elemento de entrada Valdelomar Pinto
Parte del nombre distinta del elemento de entrada Pedro Abraham
Fechas 1888-1919
Número Koha 12577
660 ## - Código de área geográfica
Código MX
700 ## - Nombre personal - Responsabilidad primaria
Elemento de entrada Sánchez Sánchez
Parte del nombre distinta del elemento de entrada Luis Alberto Félix
Fechas 1900-1994
Número Koha 12578
801 #0 - Fuente de origen
País FR
Agencia cm
Reglas de catalogación (convenciones descriptivas) AFNOR
900 ## -
-- 1/22196
900 ## -
-- 7100417642\080104
942 ## - ELEMENTOS DE ENTRADA SECUNDARIOS (KOHA)
Tipo de ítem Koha Livre
996 ## -
-- MEX
-- 751145101
-- MMAG
-- 008230
-- 082.97 C882 V.94
-- 20230717LIV
Exemplaires
Estatus retirado Estado de daño Estado de pérdida Fecha de adquisición Biblioteca de origen Biblioteca actual Ubicación en estantería Código de barras Precio de reemplazo Signatura topográfica completa No para préstamo Tipo de ítem Koha Nota pública Nota no pública
      05/08/2025 Casa México Paris Casa México Paris   008230 05/08/2025 082.97 C882 V.94   Livre 20230717LIV 751145101